000 00686nam a22002177a 4500
999 _c18012
_d18012
003 AR-CdUCM
008 190511b ||||| |||| 00| 0 spa d
020 _a9972-840-25-5
040 _aMUNICIPALIDAD PROVINCIAL DEL CUSCO
_cBIBLIOTECA MUNICIPAL DEL CUSCO
082 _a583 /
_bM19
110 _aRipalme
_938334
245 _aCultivo y producción de la palta /
260 _aPerú :
_bRipalme,
_c2006.
300 _a134 páginas ;
_c22 cm.
_bIlustraciones
505 _aContenido : Datos básicos -- Origen y taxonomía --Razas de paltas ...
650 _aProducción
_91785
650 _aPaltas
_938335
650 _aPerú
_935
942 _2ddc
_cLIBROS
945 _arah
_d11/05/2019